000 00940cam a2200289 i 4500
999 _c1780
_d1780
001 1319909
003 GZU
005 20201021153704.0
008 780711s1978 njua b 001 0 eng
010 _a 78015004
020 _a0133544494.
_a0133544311
040 _aDLC
_cDLC
_dDLC
050 0 0 _aHV41
_b.L413
082 0 0 _a361.7/068/1
_219
100 1 _aLefferts, Robert.
245 1 0 _aGetting a grant :
_bhow to write successful grant proposals /
_cRobert Lefferts.
260 _aEnglewood Cliffs, N.J. :
_bPrentice-Hall,
_cc1978.
300 _axi, 160 p. :
_bill. ;
_c21 cm.
490 0 _aA Spectrum book
500 _aIncludes index.
500 _aRev. ed. published as: Getting a grant in the 1980's. 2nd ed. 1982.
504 _aBibliography: p. 85-111.
650 0 _aProposal writing in human services.
650 0 _aFund raising.
906 _a7
_bcbc
_corignew
_d1
_eocip
_f19
_gy-gencatlg
942 _2lcc
_cBK
_h41
_iLEF
_kHV
_m1978